000 00794nam a2200241 a 4500
003 OSt
005 20130625160548.0
008 130625s1990 sz ||||| |||| 00| 0 spa d
020 _a92 4 320805 5
040 _cBiblioteca Medicina
041 _aspa
082 _aOMS IT 805
110 _aOrganizacion Mundial de la Salud
_91006
245 0 0 _aQuimioterapia practica del paludismo.
_bInforme de un Grupo Cientifico de la OMS
250 _a1° ed.
260 _aGinebra
_bOrganizacion Mundial de la Salud
_c1990
300 _a152 p.
440 0 0 _aInformes Tecnicos
_n805
_92454
653 _aANTIMALARICOS-USO TERAPEUTICO
653 _aPALUDISMO-QUIMIOTERAPIA
942 _2ddc
_cPH
999 _c1516
_d1516
952 _pH0037
_40
_00
_bBFM
_10
_oOMS IT 805
_d2013-06-25
_tEj. 1
_8NFIC
_70
_cCR
_2ddc
_yPH
_aBFM